000 00234nam a2200097Ia 4500
008 190216s9999||||xx |||||||||||||| ||und||
100 _aAmreetha Rai
245 0 _aHindi-Hathi Ke Danth
260 _bMac Millian And Com. Ltd
942 _cBK
999 _c17462
_d17462